000 00487nam a2200157 a 4500
001 000036962
005 20200930080041.0
008 120207s2011 dr a 000 0 spa d
020 _a9789945164589
040 _aDO-SdBNP
_bspa
_cBNPHU
082 _axxx
_bP438p
100 1 _aPérez-Incháustegui, Josefina
_955372
245 1 0 _aPoemas a la UASD y a colegas universitarios /
_cJosefina Pérez-Incháustegui.
260 _aSanto Domingo :
_bBúho,
_c2011.
300 _a67 p. :
_bil. ;
_c16 cm.
999 _c36452
_d36452